000 00857nam a2200325Ia 4500
003 OSt
005 20220912151457.0
006 a|||||r|||| 00| 0
007 ta
008 220909b |||||||| |||| 00| 0 eng d
024 _a11313
037 _bAshutosh,
037 _cTextual
040 _aCSL
_beng
_cCSL
041 _aeng
082 _aH21, K1;M4;2 HD
100 _aHatch F H
245 0 _aPetrology of the igneous rocks
250 _a13th
260 _aNew Delhi
_b CBS Publishers Distributors
_c1984
300 _a551p.
_ccm.
500 _a(Reprinted in 2002)
650 _a Igneous rocks
650 _a Petrology
650 _aGeology
700 _a Wells A K
700 _a Wells M K
942 _hH21, K1;M4;2 HD
_cTEXL
_2CC
999 _c69412
_d69412